Statistiques concernant Culture générale - Géographie - Série 1

Cliquez ici pour prendre le quiz!

Statistiques générales

  • Ce quiz a été pris 1 048 fois
  • Le résultat moyen est 7 sur 10

Statistiques - réponses

QuestionRéponse% Correct
Quel chaîne de montagne sépare la France de l’Espagne ?Les Pyrénées
96%
Quel pays a pour capitale Dakar ?Le Sénégal
95%
De quel pays sont originaires les castagnettes ?L’Espagne
83%
À quel site naturel fait-on référence lorsque’ on parle du « poumon de la planète » ?La forêt amazonienne
76%
Sur les rives de quel fleuve trouve-t-on la ville hongroise de Budapest ?Le Danube
76%
Quel pays a donné son nom à un plat composé principalement de riz et de haricots rouges ?Le Chili
68%
Où vivent majoritairement les Tutsis ?Au Rwanda
62%
Quelle est la langue officielle de la Moldavie ?Le Roumain
46%
Les départements français sont numérotés de 01 à 95. Pourtant, un nombre n’est pas présent dans la liste. Lequel ?20
44%
Sur quelle péninsule se trouve la ville d’Incheon ?La péninsule coréenne
23%

Distribution des résultats

Percentile par nombre de réponses

% des personnes avec chaque résultat

Votre développement - résultats

Vous n’avez pas pris ce quiz